| 000 | 01826nam a2200493 i 4500 | ||
|---|---|---|---|
| 001 | 1762 | ||
| 003 | KOSZ 005 | ||
| 005 | 20220905115443.0 | ||
| 008 | 220905s1982 pl a f f 001 0 pol | ||
| 015 | _aPB 1982/2270 | ||
| 035 | _a991011800319705066 | ||
| 035 | _a(PL-WaBN)b13204014-48omnis_nlop | ||
| 035 | _ab13204014 | ||
| 035 | _a(OCoLC)69626375 | ||
| 035 | _a(PL)b0000001320401 | ||
| 035 | _a(EXLNZ-48OMNIS_NETWORK)9910380611605606 | ||
| 040 |
_aWA N _cWA N _dKOSZ 005/EC _dKOSZ 005/RW |
||
| 046 | _k1961 | ||
| 080 | _a69 | ||
| 080 | _a624 | ||
| 245 | 0 | 0 |
_aPoradnik inżyniera i technika budowlanego. _nT. 2, _pMateriały i wyroby budowlane / _cautorzy Bolesław Gierych [et al.] ; Polski Związek Inżynierów i Techników Budownictwa. |
| 250 | _aWydanie 3 zmienione. | ||
| 260 |
_aWarszawa : _b"Arkady", _c1982. |
||
| 300 |
_a591, [1] stron : _bilustracje, tabele, wykresy ; _c21 cm. |
||
| 336 |
_aTekst _btxt _2rdacontent |
||
| 337 |
_aBez urządzenia pośredniczącego _bn _2rdamedia |
||
| 338 |
_aWolumin _bnc _2rdacarrier |
||
| 380 | _aKsiążki | ||
| 380 | _aPublikacje fachowe | ||
| 388 | 1 | _a1901-2000 | |
| 388 | 1 | _a1945-1989 | |
| 504 | _aBibliografia oraz wykaz norm przy rozdziałach. Indeks. | ||
| 521 | 8 | _aPoradnik przeznaczony jest dla inżynierów i techników budowlanych, zarówno projektantów jak i wykonawców. | |
| 650 | 7 |
_aBudownictwo _2DBN |
|
| 650 | 7 | _aMateriały budowlane | |
| 655 | 7 |
_aPoradniki _2DBN |
|
| 658 | _aArchitektura i budownictwo | ||
| 658 | _aInżynieria i technika | ||
| 700 | 1 |
_aGierych, Bolesław _d(1910-1982) _eAutor |
|
| 710 | 2 |
_aWydawnictwo Arkady _4pbl |
|
| 856 |
_uhttp://koha.tu.koszalin.pl/cgi-bin/koha/opac-detail.pl?biblionumber=1762 _yKatalog online BPK |
||
| 942 |
_2UKD _cKS |
||
| 999 |
_c1762 _d1762 |
||